[Event "Tatry Open"]
[Site "High Tatras SVK"]
[Date "2001.10.05"]
[Round "8"]
[White "Csala,J"]
[Black "Stuchly,R"]
[Result "1/2-1/2"]
[WhiteElo "2194"]
[BlackElo "2029"]

1.d4 Nf6 2.c4 g6 3.Nc3 Bg7 4.e4 d6 5.Nf3 O-O 6.Be2 e5 7.O-O Nbd7 8.Re1 c6
9.Bf1 a5 10.Rb1 Re8 11.d5 Nc5 12.b3 Bd7 13.a3 cxd5 14.cxd5 b5 15.b4 axb4
16.axb4 Na4 17.Nxb5 Qb8 18.Qd3 Bxb5 19.Qxb5 Nc3 20.Qd3 Nxb1 21.Qxb1 Nd7 22.Bd3 Bf6
23.Bd2 Rc8 24.Qb2 Nc5 25.Bb1 Bd8 26.Qc2 Na6 27.Qb3 Ba5 28.Qe3 Bxb4 29.Bxb4 Nxb4
30.Qh6 f6 31.Qh3 Qc7 32.Qe6+ Kg7 33.h4 Re8 34.Qg4 h5 35.Qh3 Ra3 36.Kh2 Qc8
37.Qg3 Rc3 38.Re2 Qa6 39.Re1 Re7 40.Qh3 Qa3 41.Kg3 Rc1 42.Re3 Rc3 43.Qc8 Rxc8
44.Rxa3 Nc2 45.Ra6 Rb7 46.Rc6 Na3 47.Rxc8 Nxb1 48.Rd8 Nc3 49.Nd2 Rb2 50.Nc4 Nxe4+
51.Kf3 Nd2+ 52.Nxd2 Rxd2 53.Rd7+ Kf8 54.Rxd6 Ke7 55.Re6+ Kf7 56.Rd6  1/2-1/2

[Event "Tatry Open"]
[Site "High Tatras SVK"]
[Date "2001.10.06"]
[Round "9"]
[White "Stuchly,R"]
[Black "Macak,S"]
[Result "0-1"]
[WhiteElo "2029"]
[BlackElo "2214"]

1.d4 Nf6 2.c4 g6 3.Nc3 Bg7 4.e4 d6 5.Nf3 O-O 6.Be2 Nbd7 7.O-O e5 8.Re1 Re8
9.d5 Nc5 10.Bf1 a5 11.b3 Bd7 12.Rb1 Nh5 13.Nd2 Nf4 14.Qc2 f5 15.a3 b6 16.b4 Nb7
17.g3 Nh5 18.Bh3 Rf8 19.f3 Qc8 20.Rf1 Nf6 21.Bg2 h5 22.Rf2 h4 23.gxh4 Nh5
24.Ne2 f4 25.Bb2 Bf6 26.Nc1 Bxh4 27.Re2 g5 28.Nd3 axb4 29.axb4 Qe8 30.Qc3 Nf6
31.Rc1 Ra2 32.Nb1 Ra4 33.Na3 g4 34.Nb5 Bxb5 35.cxb5 Qxb5 36.Rd2 Rf7 37.Nxe5 dxe5
38.Qxe5 Rxb4 39.fxg4 Nc5 40.Bf1 Qd7 41.Qc3 Rb3 42.Qd4 Ncxe4 43.Re2 Bf2+  0-1

[Event "3rd Golden Autumn"]
[Site "Alushta UKR"]
[Date "2001.10.07"]
[Round "?"]
[White "Shalimov,V UKR"]
[Black "Shtyrenkov,V"]
[Result "1-0"]
[WhiteElo "2439"]
[BlackElo "2492"]

1.d4 d6 2.Nf3 Nf6 3.c4 g6 4.Nc3 Bg7 5.e4 O-O 6.Be2 e5 7.Be3 Na6 8.O-O Qe8
9.dxe5 dxe5 10.Nd2 Qe7 11.a3 Nc5 12.Nd5 Qd6 13.Nxf6+ Bxf6 14.b4 Ne6 15.c5 Qe7
16.Nc4 Rd8 17.Qc2 b6 18.Rad1 Bb7 19.c6 Ba6 20.Qa4 Nd4 21.Bxd4 Bxc4 22.Bxc4 exd4
23.Rfe1 a5 24.e5 axb4 25.Qb3 bxa3 26.exf6 Qxf6 27.Ra1 Rf8 28.Bd5 Rfd8 29.Rxa3 Rxa3
30.Qxa3 Qd6 31.Qxd6 Rxd6 32.Bf3 d3 33.Kf1 Kg7 34.Rb1 f5 35.Rxb6  1-0

[Event "3rd Golden Autumn"]
[Site "Alushta UKR"]
[Date "2001.10.07"]
[Round "?"]
[White "Shalimov,V UKR"]
[Black "Gasanov,E"]
[Result "0-1"]
[WhiteElo "2439"]
[BlackElo "2440"]

1.d4 Nf6 2.Nf3 g6 3.c4 Bg7 4.Nc3 O-O 5.e4 d6 6.Be2 e5 7.Be3 Ng4 8.Bg5 f6
9.Bh4 g5 10.Bg3 Nh6 11.d5 Nd7 12.O-O f5 13.exf5 g4 14.Nd2 Nf6 15.Bh4 Bxf5
16.Nde4 Qe8 17.Bxf6 Bxf6 18.Bd3 Qg6 19.Qe2 Kh8 20.Rad1 Bh4 21.c5 a6 22.Qe3 Bxe4
23.Bxe4 Qh5 24.b4 g3 25.Bf3 gxf2+ 26.Rxf2 Ng4 27.Bxg4 Bxf2+ 28.Qxf2 Qxg4
29.Qe3 Rf4 30.h3 Qg5 31.Qd2 Rg8 32.cxd6 cxd6 33.Qe2 Qh4 34.Rd3 Rxb4 35.Re3 Qd4
36.Kh2 Rb2  0-1

[Event "ULIM Cup"]
[Site "Kishnev MDA"]
[Date "2001.10.07"]
[Round "1"]
[White "Diulger,A"]
[Black "Prociuc,E"]
[Result "1-0"]
[WhiteElo "2310"]
[BlackElo "2020"]

1.d4 Nf6 2.Nf3 g6 3.c4 Bg7 4.Nc3 d6 5.e4 O-O 6.Be2 e5 7.d5 Na6 8.Bg5 h6 9.Bh4 Qe8
10.Nd2 Bd7 11.O-O Nc5 12.b4 Na4 13.Nxa4 Bxa4 14.Qc1 Bd7 15.c5 Bb5 16.Bxb5 Qxb5
17.Bxf6 Bxf6 18.Qc4 Qd7 19.c6 bxc6 20.Qxc6 Qxc6 21.dxc6 Bg5 22.Nc4 f5 23.f3 fxe4
24.fxe4 Rf4 25.Rxf4 exf4 26.Kf2 Bf6 27.Rd1 Re8 28.Kf3 g5 29.Rd5 Be5 30.b5 Kf7
31.a4 h5 32.h3 g4+ 33.hxg4 hxg4+ 34.Kxg4 Rg8+ 35.Kf3 Rg3+ 36.Kf2 Bf6 37.a5 Rc3
38.Nd2 Bh4+ 39.Kf1 Rc1+ 40.Ke2 Re1+ 41.Kf3 Bg3 42.Rd3 Ke6 43.b6 axb6 44.axb6 cxb6
45.Nc4 Rc1 46.Rxd6+ Ke7 47.Rd7+  1-0

[Event "Smartchess.com It"]
[Site "New York USA"]
[Date "2001.10.07"]
[Round "1"]
[White "Gonzales,Jay"]
[Black "Perelshteyn,E"]
[Result "1/2-1/2"]
[WhiteElo "2432"]
[BlackElo "2436"]

1.d4 Nf6 2.c4 g6 3.Nc3 Bg7 4.e4 d6 5.Nf3 O-O 6.Be2 Na6 7.O-O e5 8.Be3 Ng4
9.Bg5 Qe8 10.h3 h6 11.Bc1 Nf6 12.dxe5 dxe5 13.Be3 Qe7 14.Nd5 Qd8 15.Qc2 c6
16.Nxf6+ Qxf6 17.c5 Nc7 18.Rfd1 Be6 19.Rd6 Rfd8 20.Rad1 Ne8 21.R6d2 Qe7 22.Qa4 Rxd2
23.Nxd2 a6 24.Nb3 Bxb3 25.Qxb3 Nf6 26.Qd3 Re8 27.b4 Nh7 28.Qd7 Kf8 29.a4 h5
30.b5 axb5 31.axb5 Qxd7 32.Rxd7 Re7 33.Rd8+ Re8 34.Rd6 Re6 35.Rd7 Re7 36.Rd8+ Re8
37.Rd1 Nf6 38.f3 Rc8 39.Rb1 Rc7 40.bxc6 bxc6 41.Rb8+ Ne8 42.Bg5 f6 43.Bd2 Ra7
44.Bc4 Ke7 45.Kf2 Nc7 46.h4 Ne6 47.Rg8 Rd7 48.Be3 Rc7 49.Ke2 Kf7 50.Rxg7+ Kxg7
51.Bxe6 Ra7 52.f4 Kf8 53.fxe5 fxe5 54.Bc4 Ra4 55.Kd3 Ra3+ 56.Kd2 Ke8 57.Bg5 Rg3
58.Bf1 Rg4 59.Ke3 Rg3+ 60.Kf2 Rc3 61.Be3 Rc2+ 62.Be2 Ra2 63.Kf3 Ra3 64.Bf1 Ke7
65.Kf2 Ra2+ 66.Kg1 Ra4 67.Bg5+ Kf7 68.Be2 Rxe4 69.Bf3 Rc4 70.Bxc6 Rxc5 71.Be4 Ra5
72.Kf2 Ra2+ 73.Ke3 Ra3+ 74.Kd2 Kg7 75.Ke2 Rb3 76.Be7 Rc3 77.Kd2 Rb3 78.Bd5 Rb5
79.Be4 Rb3 80.Bf3 Rb1 81.Kd3 Kf7 82.Bc5 Rh1 83.Bd5+ Kf6 84.Bb6 Ke7 85.Be3 Kd6
86.Be4 Rxh4 87.Bxg6 Rg4  1/2-1/2

[Event "FSGM October"]
[Site "Budapest HUN"]
[Date "2001.10.08"]
[Round "3"]
[White "Spassov,L"]
[Black "Al Sayed,Mohamad"]
[Result "1/2-1/2"]
[WhiteElo "2386"]
[BlackElo "2374"]

1.Nf3 Nf6 2.c4 g6 3.Nc3 Bg7 4.e4 d6 5.d4 O-O 6.Be2 e5 7.Be3 Ng4 8.Bg5 f6
9.Bc1 Nc6 10.d5 Ne7 11.h3 Nh6 12.h4 Nf7 13.h5 g5 14.Nh2 f5 15.exf5 Nxf5 16.Ne4 c5
17.Ng4 h6 18.Bd3 Qe7 19.O-O Nd4 20.Be3 Bd7 21.Rb1 Nd8 22.b4 cxb4 23.Rxb4 b6
24.Re1 Nf5 25.Bd2 Nb7 26.Rb2 Rae8 27.a4 Bc8 28.Ne3 Nd4 29.Nf1 Nc5 30.Nxc5 bxc5
31.Bg6 Qf6 32.Bc3 Rd8 33.Ng3 Nf5 34.Ne4 Qe7 35.Bd2 Nh4 36.Ba5 Rd7 37.Ng3 Nxg6
38.hxg6 Rb7 39.Rxb7 Bxb7 40.Qc2 Bc8 41.Re3 Qe8 42.Rf3 Rxf3 43.gxf3 Bd7 44.Bc7 Bxa4
45.Qa2 Bd1 46.Qb1 Bxf3 47.Qf5 e4 48.Bxd6 Bd4 49.Bc7 g4 50.d6 e3 51.Qf7+ Qxf7
52.gxf7+ Kxf7 53.d7 exf2+ 54.Kf1 Bf6 55.Kxf2 Bb7 56.Ke3 Kg6 57.d8=Q Bxd8
58.Bxd8 h5 59.Be7 a5 60.Kf4  1/2-1/2

[Event "5th Russian Cup Final"]
[Site "Kazan RUS"]
[Date "2001.10.08"]
[Round "7"]
[White "Burmakin,V"]
[Black "Loginov,Va"]
[Result "1/2-1/2"]
[WhiteElo "2586"]
[BlackElo "2513"]

1.d4 Nf6 2.c4 g6 3.Nc3 Bg7 4.e4 d6 5.Nf3 O-O 6.Be2 e5 7.O-O Na6 8.Be3 h6
9.h3 exd4 10.Nxd4 Re8 11.Bf3 Nc5 12.Qc2 Nh7 13.Rad1 Ng5 14.Bxg5 hxg5 15.Bg4 Bxg4
16.hxg4 Be5 17.g3 c6 18.Kg2 Qf6 19.Nce2 Rad8 20.b3 Qe7 21.Rfe1 Kg7 22.f3 Rh8
23.Qd2 Bf6 24.Nc3 Rh7 25.Rh1 Rxh1 26.Rxh1 Qe5 27.Rd1 Qxd4  1/2-1/2

[Event "TCh-BUL"]
[Site "Pamporovo BUL"]
[Date "2001.10.08"]
[Round "7"]
[White "Bratanov,Z"]
[Black "Georgiev,Kr"]
[Result "1/2-1/2"]
[WhiteElo "2422"]
[BlackElo "2487"]

1.d4 Nf6 2.c4 g6 3.Nc3 Bg7 4.e4 d6 5.Nf3 O-O 6.Be2 e5 7.O-O Na6 8.Re1 Qe8
9.Bf1 Kh8 10.Rb1 Bg4 11.d5 Ng8 12.Be2 Qe7 13.b4 Bh6 14.Ba3 Nb8 15.c5 Bxf3
16.Bxf3 Nd7 17.Qc2 Ngf6 18.Be2 Rfe8 19.Red1 a6 20.g3  1/2-1/2

[Event "ULIM Cup"]
[Site "Kishnev MDA"]
[Date "2001.10.09"]
[Round "3"]
[White "Barasiant,M"]
[Black "Moshina,C"]
[Result "0-1"]
[WhiteElo "2062"]
[BlackElo "2226"]

1.d4 Nf6 2.Nf3 g6 3.c4 d6 4.Nc3 Bg7 5.e4 O-O 6.Be2 Nbd7 7.O-O e5 8.Qc2 exd4
9.Nxd4 Nc5 10.Rd1 Qe7 11.f3 Ne6 12.Be3 Nh5 13.Nd5 Qd8 14.Nxe6 fxe6 15.Nc3 Qh4
16.Bf2 Qg5 17.Qd2 Nf4 18.Bg3 Be5  0-1

[Event "TCh-RUS Siberian Zone"]
[Site "Omsk RUS"]
[Date "2001.10.09"]
[Round "5"]
[White "Nureev,G"]
[Black "Drozdov,I"]
[Result "1-0"]
[WhiteElo "2448"]
[BlackElo "2456"]

1.c4 Nf6 2.Nc3 g6 3.e4 d6 4.d4 Bg7 5.Nf3 O-O 6.Be2 e5 7.O-O exd4 8.Nxd4 Re8
9.f3 c6 10.Kh1 Na6 11.Bg5 Qa5 12.Bh4 Nh5 13.Qd2 Qe5 14.Rfd1 Nc7 15.Bf1 Qf4
16.Bf2 Qxd2 17.Rxd2 Be5 18.g3 g5 19.Rad1 a6 20.Na4 c5 21.Ne2 b5 22.Nb6 Rb8
23.Nxc8 Rexc8 24.cxb5 Rxb5 25.b3 Ne6 26.Be3 Rb4 27.Nc1 Bd4 28.Bxd4 Nxd4 29.Bxa6 Ra8
30.Bc4 Nf6 31.Nd3 Rxc4 32.bxc4 Nxf3 33.Rf2 g4 34.e5 Ne4 35.exd6 Nxf2+ 36.Nxf2 Rxa2
37.Kg2 Nd4 38.d7 Ra8 39.Ne4 Ne6 40.Nxc5 Ra2+ 41.Kg1 Nd8 42.Re1  1-0

[Event "1st Chess Week"]
[Site "Winterthur SUI"]
[Date "2001.10.10"]
[Round "6"]
[White "Schuurman,P"]
[Black "Hochstrasser,M"]
[Result "1-0"]
[WhiteElo "2274"]
[BlackElo "2305"]

1.c4 g6 2.Nc3 Bg7 3.d4 d6 4.Nf3 Nf6 5.e4 O-O 6.Be2 e5 7.Be3 Ng4 8.Bg5 f6
9.Bh4 Nc6 10.d5 Ne7 11.Nd2 Nh6 12.f3 c6 13.dxc6 bxc6 14.b4 Be6 15.Bf2 f5
16.O-O Qd7 17.a4 f4 18.b5 c5 19.Nb3 g5 20.Ra2 Nf7 21.Rd2 Qc8 22.Rxd6 Nxd6
23.Qxd6 Ng6 24.Nxc5 Re8 25.Nxe6 Rxe6 26.Qb4 Kh8 27.c5 Nh4 28.Rb1 Bf8 29.Nd5 Rh6
30.Qc3 Nxg2 31.Qxe5+ Bg7 32.Bd4 Bxe5 33.Bxe5+ Kg8 34.Ne7+ Kf7 35.Nxc8 Rxc8
36.b6  1-0

[Event "TCh-RUS Siberian Zone"]
[Site "Omsk RUS"]
[Date "2001.10.11"]
[Round "7"]
[White "Avdeev,A"]
[Black "Drozdov,I"]
[Result "0-1"]
[WhiteElo "2228"]
[BlackElo "2456"]

1.d4 Nf6 2.Nf3 g6 3.c4 Bg7 4.Nc3 d6 5.e4 O-O 6.Be2 Na6 7.O-O e5 8.Be3 Ng4
9.Bg5 Qe8 10.h3 exd4 11.Nxd4 Nf6 12.Bf3 Qe5 13.Be3 Nc5 14.Qc2 Re8 15.Ndb5 Ne6
16.Rad1 a6 17.Nd4 Ng5 18.Rfe1 c5 19.Bxg5 Qxg5 20.Nde2 Bxh3 21.Rxd6 Be6 22.Qd3 Qe5
23.Rd1 Bf8 24.Rb6 Rab8 25.Nd5 Nd7 26.Rb3 Qg5 27.Nc7 Ne5 28.Nxe6 fxe6 29.Qc2 b5
30.Ra3 bxc4 31.Qd2 Qf6 32.Kf1 Red8 33.Qc2 Rxb2 34.Qc1 Rxd1+ 35.Qxd1 Qh4 36.g3 Qh2
37.Qc1 Rb6 38.Bg2 Qh6 39.f4 Nd3 40.Qd1 e5 41.Rc3 exf4 42.Rxc4 Rd6 43.Qb3 Kh8
44.Rc3 c4 45.Qxc4 Ne5 46.Qb3 fxg3 47.Rxg3 Qd2 48.Qb8 Rf6+ 49.Kg1 Nc6  0-1

[Event "TCh-RUS Siberian Zone"]
[Site "Omsk RUS"]
[Date "2001.10.11"]
[Round "7"]
[White "Iskusnyh,S"]
[Black "Nureev,G"]
[Result "1-0"]
[WhiteElo "2523"]
[BlackElo "2448"]

1.d4 Nf6 2.c4 d6 3.Nf3 g6 4.Nc3 Nbd7 5.e4 e5 6.Be2 Bg7 7.O-O O-O 8.Be3 a5
9.Qc2 Ng4 10.Bg5 f6 11.Bd2 f5 12.Bg5 Bf6 13.Bxf6 Ndxf6 14.dxe5 Nxe5 15.Rad1 Qe7
16.c5 dxc5 17.Nxe5 Qxe5 18.f4 Qe7 19.e5 Ne8 20.Nd5 Qf7 21.Qxc5 Be6 22.Bc4 Kh8
23.b3 a4 24.Rd2 axb3 25.axb3 Rg8 26.Rfd1 g5 27.fxg5 Rxg5 28.Nf4 Bxc4 29.bxc4 Rg4
30.Rd7 Qg8 31.e6 Qg5 32.Qf8+ Qg8 33.Qxf5  1-0

[Event "ULIM Cup"]
[Site "Kishnev MDA"]
[Date "2001.10.12"]
[Round "6"]
[White "Botezatu,G"]
[Black "Itkis,B"]
[Result "0-1"]
[WhiteElo "2258"]
[BlackElo "2472"]

1.e4 g6 2.d4 Bg7 3.c4 d6 4.Nc3 Nf6 5.Nf3 O-O 6.Be2 Nbd7 7.O-O e5 8.d5 Nc5
9.Qc2 a5 10.Ne1 b6 11.Be3 Bd7 12.b3 Nfxe4 13.Nxe4 Nxe4 14.Nd3 f5 15.f3 Nf6
16.Nb2 Nh5  0-1

[Event "ULIM Cup"]
[Site "Kishnev MDA"]
[Date "2001.10.12"]
[Round "6"]
[White "Stepa,D"]
[Black "Khruschiov,A"]
[Result "1/2-1/2"]
[WhiteElo "2278"]
[BlackElo "2402"]

1.d4 Nf6 2.Nf3 g6 3.c4 Bg7 4.Nc3 O-O 5.e4 d6 6.Be2 e5 7.d5 Nbd7 8.Bg5 h6
9.Bh4 g5 10.Bg3 Nh5 11.h4 g4  1/2-1/2

[Event "TCh-RUS Siberian Zone"]
[Site "Omsk RUS"]
[Date "2001.10.12"]
[Round "8"]
[White "Nikitin,An"]
[Black "Bogachkov,I"]
[Result "1-0"]
[WhiteElo "2506"]
[BlackElo "2348"]

1.d4 Nf6 2.c4 g6 3.Nc3 Bg7 4.e4 d6 5.Be2 O-O 6.Nf3 e5 7.Be3 Ng4 8.Bg5 f6
9.Bh4 Nc6 10.d5 Ne7 11.Nd2 h5 12.h3 Nh6 13.g4 hxg4 14.hxg4 Nf7 15.Qb3 c5
16.Nd1 Nh8 17.Ne3 Qb6 18.Qc2 Qa5 19.O-O-O Qxa2 20.Nf5 gxf5 21.gxf5 Qa1+ 22.Nb1 Bh6+
23.Rd2 Rf7 24.Bh5 Kf8 25.Bxf7 Nxf7 26.Bxf6 Bxd2+ 27.Qxd2 Ng8 28.Bh4 b5 29.f3 bxc4
30.Rg1 c3 31.Qxc3 Rb8 32.Qc2 Ngh6 33.Be1 Nxf5 34.Bc3 N5h6 35.Qg2 Ba6 36.b3 Qxb1+
37.Kxb1 Bc4 38.Qg7+ Ke8 39.Rg6 Rxb3+ 40.Kc2 Rb6 41.Re6+ Kd7 42.Rxh6  1-0

[Event "1st Chess Week"]
[Site "Winterthur SUI"]
[Date "2001.10.12"]
[Round "8"]
[White "Huss,A"]
[Black "Jovanovic,Do"]
[Result "1-0"]
[WhiteElo "2344"]
[BlackElo "2164"]

1.d4 Nf6 2.c4 g6 3.Nc3 Bg7 4.e4 d6 5.Nf3 O-O 6.Be2 e5 7.d5 Nbd7 8.Bg5 a5
9.Nd2 c6 10.a3 Qc7 11.O-O Nc5 12.b4 axb4 13.axb4 Rxa1 14.Qxa1 Na6 15.Rb1 Bd7
16.dxc6 Bc8 17.Bxf6 Bxf6 18.Nd5 Qd8 19.b5 Bg5 20.bxa6 bxc6 21.a7  1-0

[Event "6th Wichern Open"]
[Site "Hamburg GER"]
[Date "2001.10.13"]
[Round "1"]
[White "Rahman,Zia"]
[Black "Fey,F"]
[Result "1-0"]
[WhiteElo "2468"]
[BlackElo "2055"]

1.Nf3 Nf6 2.c4 g6 3.Nc3 Bg7 4.e4 d6 5.d4 O-O 6.Be2 e5 7.d5 a5 8.O-O Na6 9.Bg5 h6
10.Bh4 Qe8 11.Nd2 Bd7 12.b3 Nh7 13.Kh1 b6 14.a3 Bf6 15.Bxf6 Nxf6 16.Rb1 Nc5
17.Qc2 Nh7 18.b4 axb4 19.axb4 Nb7 20.Ra1 Qe7 21.Ra2 Rfb8 22.Rfa1 Qe8 23.Kg1 Ng5
24.Qb1 f5 25.h4 Nxe4 26.Ncxe4 fxe4 27.Qxe4 Kg7 28.Bg4 Rxa2 29.Rxa2 Bxg4 30.Qxg4 Ra8
31.Rxa8 Qxa8 32.Qd7+ Kg8 33.Qe6+ Kg7 34.Qe7+ Kh8 35.Qf6+ Kh7 36.Qf7+ Kh8
37.Ne4 Qa3 38.Qf8+  1-0

[Event "Essent Open"]
[Site "Hoogeveen NED"]
[Date "2001.10.13"]
[Round "2"]
[White "Jens,J"]
[Black "Van der Veen,Jan"]
[Result "1-0"]
[WhiteElo "2318"]
[BlackElo "2135"]

1.d4 Nf6 2.c4 d6 3.Nf3 g6 4.Nc3 Bg7 5.e4 O-O 6.Be2 Na6 7.O-O e5 8.d5 Nc5
9.Qc2 a5 10.Bg5 h6 11.Be3 b6 12.Nd2 Ng4 13.Bxg4 Bxg4 14.a3 f5 15.f3 Bh5 16.b4 Nd7
17.Nb5 Rf7 18.Nb3 Nf6 19.bxa5 bxa5 20.a4 fxe4 21.g4 exf3 22.gxh5 Ng4 23.hxg6 Nxe3
24.gxf7+ Kh8 25.Qf2 Nxf1 26.Rxf1 e4 27.N3d4 Qf6 28.Ne6 Qxf7 29.Nxg7 Rg8 30.Kh1 Rxg7
31.Qe3 Rg2 32.Qxh6+ Kg8 33.Rg1 Rxg1+ 34.Kxg1 f2+ 35.Kf1 Qf3 36.Qg5+ Kh8 37.Qh4+ Kg8
38.Qg3+  1-0

[Event "ULIM Cup"]
[Site "Kishnev MDA"]
[Date "2001.10.13"]
[Round "7"]
[White "Diulger,A"]
[Black "Tikhomirov,S"]
[Result "1-0"]
[WhiteElo "2310"]
[BlackElo "2357"]

1.d4 d6 2.Nf3 Nf6 3.c4 g6 4.Nc3 Bg7 5.e4 O-O 6.Be2 e5 7.d5 c5 8.Bg5 a6 9.Nd2 Nbd7
10.a3 Rb8 11.b4 b6 12.Rb1 Qc7 13.Be3 Ne8 14.g4 f6 15.Rc1 Rf7 16.Rg1 Nf8 17.Qa4 Qd8
18.Rg3 Kh8 19.Rb1 Bd7 20.Qb3 Ra8 21.bxc5 bxc5 22.Bd3 Bc8 23.Qb6 Qxb6 24.Rxb6 Nd7
25.Rb1 Bf8 26.Bc2 Be7 27.Ba4 Bd8 28.Bc6 Ra7 29.Na4 Ng7 30.Bh6 Bc7 31.Bxg7+ Kxg7
32.Rgb3 Kf8 33.Ke2 Ke7 34.h3 Kd8 35.f3 f5 36.gxf5 gxf5 37.Rg1 Nf6 38.Nc3 Bd7
39.Bxd7 Kxd7 40.Rg5 f4 41.Na4 Ba5 42.Nf1 Kc7 43.Rf5 Ra8 44.Nh2 h5 45.Rg5 Rg8
46.Rxg8 Nxg8 47.Rb1 Rg7 48.Kf2 Nf6 49.Rg1 Rxg1 50.Kxg1 Bd2 51.Nf1 Be1 52.Nb2 Nd7
53.Nd3 Bc3 54.Kf2 Nb6 55.Ke2 Nxc4 56.a4 Bd4 57.Nd2 Ne3 58.Nf1 Nc4 59.Nd2 Nb2
60.Nxb2 Bxb2 61.Nc4  1-0

[Event "TCh-RUS Siberian Zone"]
[Site "Omsk RUS"]
[Date "2001.10.13"]
[Round "9"]
[White "Tolstikh,N"]
[Black "Kalashnikov,K"]
[Result "1-0"]
[WhiteElo "2491"]
[BlackElo "2403"]

1.Nf3 Nf6 2.c4 g6 3.Nc3 Bg7 4.e4 O-O 5.d4 d6 6.Be2 e5 7.Be3 Na6 8.O-O Qe8
9.dxe5 dxe5 10.Nd2 c6 11.c5 Nc7 12.Nc4 Qe7 13.Qd6 Re8 14.Rfd1 Nb5 15.Qxe7 Rxe7
16.Rd8+ Re8 17.Rxe8+ Nxe8 18.Nxb5 cxb5 19.Na5 a6 20.a4 bxa4 21.Rxa4 Nc7 22.Rb4 Nb5
23.Bxb5 axb5 24.Rxb5 Bd7 25.Rxb7 Rxa5 26.f3 Be8 27.Rb8 Kf8 28.c6 Ke7 29.c7 Bd7
30.c8=Q Bxc8 31.Rxc8 Rb5 32.Rg8 Bf6 33.b4 Kd7 34.Rf8 Ke7 35.Ra8 h5 36.Bc5+ Kd7
37.Ra7+ Ke8 38.Kf1 Rb8 39.Ke2 Bg5 40.g3 h4 41.Bd6 Rd8 42.gxh4 Rxd6 43.hxg5 Rb6
44.Ra4 Kd7 45.Kd3 Kd6 46.h4 Rc6 47.Ra7 Ke6 48.b5 Rc1 49.Ra6+ Kd7 50.Rf6 Ke8
51.Rc6 Rf1 52.b6 Rb1 53.Kc4 Kd7 54.Rf6 Kc8 55.Kd5  1-0

[Event "6th Wichern Open"]
[Site "Hamburg GER"]
[Date "2001.10.14"]
[Round "2"]
[White "Gershon,A"]
[Black "Voelzke,F"]
[Result "1/2-1/2"]
[WhiteElo "2553"]
[BlackElo "2216"]

1.d4 Nf6 2.c4 g6 3.Nc3 Bg7 4.e4 d6 5.Be2 O-O 6.Nf3 e5 7.Be3 exd4 8.Nxd4 Nc6
9.O-O Re8 10.f3 Bd7 11.Qd2 a6 12.Rfd1 Nxd4 13.Bxd4 Bc6 14.b4 b6 15.Qb2 Qe7
16.Bf1 Nh5 17.Ne2 Bxd4+ 18.Nxd4 Bd7 19.Rac1 Qe5 20.Qf2 a5 21.c5 axb4 22.cxb6 cxb6
23.Nc6 Qg5 24.Nxb4 Be6 25.Qxb6 Nf4 26.Kh1 Bxa2 27.Qb5 Qxb5 28.Bxb5 Reb8 29.Bc6 Ra3
30.Nd5 Bxd5 31.Bxd5  1/2-1/2

[Event "6th Wichern Open"]
[Site "Hamburg GER"]
[Date "2001.10.15"]
[Round "3"]
[White "Heyken,E"]
[Black "Kotronias,V"]
[Result "0-1"]
[WhiteElo "2339"]
[BlackElo "2548"]

1.d4 Nf6 2.Nf3 g6 3.c4 Bg7 4.Nc3 O-O 5.e4 d6 6.Be2 e5 7.d5 a5 8.Bg5 h6 9.Bh4 Na6
10.Nd2 Qe8 11.Bxf6 Bxf6 12.Bg4 Bxg4 13.Qxg4 h5 14.Qd1 Qe7 15.O-O Bg5 16.Nf3 Nc5
17.Ne1 Kg7 18.Nd3 Nd7 19.Qe2 h4 20.Rae1 Rfe8 21.g3 hxg3 22.hxg3 Nf6 23.Kg2 c6
24.f4 exf4 25.e5 dxe5 26.gxf4 Bh4 27.d6 Qd8 28.fxe5 Nh5 29.Ne4 Bxe1 30.Qxe1 f5
31.d7 Qxd7 32.Nd6 Qe7 33.Nxf5+ gxf5 34.Rxf5 Rh8 35.e6 Rag8 36.Qe4 Kh6+ 37.Kh3 Rg3+
38.Kh2 Rg5 39.Ne5 Rxf5 40.Qxf5 Qh4+  0-1

[Event "ULIM Cup"]
[Site "Kishnev MDA"]
[Date "2001.10.15"]
[Round "9"]
[White "Botezatu,G"]
[Black "Romcovici,V"]
[Result "1-0"]
[WhiteElo "2258"]
[BlackElo "2341"]

1.e4 g6 2.d4 Bg7 3.c4 d6 4.Nc3 Nf6 5.Nf3 O-O 6.Be2 Nbd7 7.O-O e5 8.d5 Nc5
9.Qc2 a5 10.Ne1 b6 11.Be3 Bd7 12.f3 Nh5 13.Nd3 f5 14.exf5 gxf5 15.f4 Nxd3
16.Bxd3 e4 17.Be2 Nf6 18.Qd2 Be8 19.Bd4 Nd7 20.g4 Bg6 21.Bxg7 Kxg7 22.Kh1 Nc5
23.Nd1 fxg4 24.f5 Bxf5 25.Ne3 Qg5 26.Qd4+ Kg6 27.Nxf5 Rxf5 28.Bxg4 Rf4 29.Rxf4 Qxf4
30.Rg1 Rf8 31.Be2+ Kf5 32.Rf1 Qxf1+ 33.Bxf1 Rg8 34.Bh3+ Kf4 35.Bg2 h5 36.b3 Re8
37.Qf2+ Kg5 38.h4+ Kg6 39.Qe3 Re5 40.a3 Kg7 41.Kg1 Kf7 42.b4 axb4 43.axb4 Nd7
44.Bh3 Nf6 45.Be6+ Kg6 46.Kg2 Kg7 47.Kg3 Kg6 48.Kf4 Kg7 49.Qg3+  1-0

[Event "5th Itau Cup"]
[Site "Sao Paulo BRA"]
[Date "2001.10.15"]
[Round "3"]
[White "Matsuura,E"]
[Black "Batista,G"]
[Result "1/2-1/2"]
[WhiteElo "2421"]
[BlackElo "2226"]

1.d4 Nf6 2.Nf3 g6 3.c4 Bg7 4.Nc3 O-O 5.e4 d6 6.Be2 e5 7.O-O Nbd7 8.Be3 Ng4
9.Bg5 f6 10.Bc1 Nh6 11.Qc2 Nf7 12.Be3 c6 13.Rad1 Qe7 14.b4 Re8 15.d5 c5 16.Nb5 Qd8
17.bxc5 Nxc5 18.Bxc5 dxc5 19.d6 Rf8 20.Nc7 Rb8 21.Qd3 b6 22.h3 f5 23.exf5 gxf5
24.Qd5 e4 25.Ne1 Qd7 26.Bh5 Kh8 27.Nc2 Ne5 28.f3 exf3 29.gxf3 f4 30.Bg4 Nxg4
31.hxg4 Rf6 32.Qe5 Rg6 33.Qe8+ Qxe8 34.Nxe8 Bxg4 35.fxg4 Rxg4+ 36.Kf2 Rxe8
37.d7 Rd8 38.Kf3 Rg3+ 39.Kxf4 Rg6 40.Rfe1 Rf6+ 41.Kg4 Rg6+ 42.Kf4 Rf6+ 43.Kg4  1/2-1/2

[Event "TCh-BEL 2001-2"]
[Site "Belgium BEL"]
[Date "2001.10.18"]
[Round "2"]
[White "Groffen,H"]
[Black "Van der Linden,Be"]
[Result "1-0"]
[WhiteElo "2221"]
[BlackElo "2235"]

1.d4 Nf6 2.c4 g6 3.Nc3 Bg7 4.e4 d6 5.Nf3 O-O 6.Be2 e5 7.O-O exd4 8.Nxd4 Nbd7
9.Be3 c6 10.Qd2 a5 11.Rad1 Qe7 12.f3 a4 13.Rfe1 Nc5 14.Nc2 Nfd7 15.Bg5 f6
16.Be3 f5 17.Bg5 Qe8 18.exf5 Rxf5 19.g4 Rf7 20.Nd4 Qf8 21.Kg2 Ne5 22.h3 Bd7
23.Be3 h5 24.f4 hxg4 25.fxe5 gxh3+ 26.Kh1 dxe5 27.Nf3 Ne6 28.Rf1 Nf4 29.Ng5 Rf5
30.Qxd7 Rxg5 31.c5 Rf5 32.Bc4+ Kh8 33.Rf3 Bh6 34.Ne4 Nh5 35.Bxh6 Qxh6 36.Rxf5 gxf5
37.Qxf5 Ng7 38.Qf6 Qh5 39.Rd8+ Rxd8 40.Qxd8+ Ne8 41.Ng5 Kg7 42.Qe7+ Kh6 43.Nf7+ Kg6
44.Nxe5+ Kf5 45.Qe6+ Kg5 46.Be2  1-0

[Event "TCh-BEL 2001-2"]
[Site "Belgium BEL"]
[Date "2001.10.18"]
[Round "2"]
[White "Ikonnikov,V"]
[Black "Van Laatum,G"]
[Result "1-0"]
[WhiteElo "2516"]
[BlackElo "2327"]

1.d4 Nf6 2.Nf3 g6 3.c4 Bg7 4.Nc3 O-O 5.e4 d6 6.Be2 e5 7.O-O Nbd7 8.Qc2 c6
9.Rd1 Qe7 10.d5 a5 11.a3 Nc5 12.Be3 Ng4 13.Bxc5 dxc5 14.d6 Qd8 15.h3 Nh6
16.Qd2 Be6 17.Na4 b6 18.d7  1-0

[Event "TCh-SLO"]
[Site "Bled SLO"]
[Date "2001.10.18"]
[Round "1"]
[White "Tukmakov,V"]
[Black "Kozul,Z"]
[Result "0-1"]
[WhiteElo "2572"]
[BlackElo "2569"]

1.Nf3 Nf6 2.c4 g6 3.Nc3 Bg7 4.e4 d6 5.d4 O-O 6.Be2 e5 7.O-O c6 8.Re1 Na6
9.Rb1 exd4 10.Nxd4 Re8 11.Bf3 h6 12.g3 Nd7 13.Be3 h5 14.Be2 Nac5 15.Qc2 a5
16.Bf1 Ne5 17.Rbd1 a4 18.f3 Qa5 19.Kg2 Qb4 20.Nb1 Ne6 21.Nxe6 Bxe6 22.Bd2 Qb6
23.Be3 Qa5 24.Bd2 Qc7 25.f4 Ng4 26.Bc3 Qb6 27.Bxg7 Kxg7 28.Qc3+ Kg8 29.Rd2 d5
30.h3 Nh6 31.c5 Qa5 32.e5 Nf5 33.Bd3 d4 34.Qxa5 Rxa5 35.Bxf5 Bxf5 36.Rxd4 Rxc5
37.Na3 b5 38.Re3 f6 39.b4 axb3 40.axb3 fxe5 41.Rd6 Ra8 42.g4 exf4 43.Re7 hxg4
44.hxg4 Bxg4 45.Rxg6+ Kf8 46.Rc7 Bf5 47.Rf6+ Kg8 48.Rd6 Be4+ 49.Kf2 Rh5 50.b4 Rh7  0-1

[Event "Sportland NRW Cup"]
[Site "Senden GER"]
[Date "2001.10.18"]
[Round "6"]
[White "Sturua,Z"]
[Black "Kummerow,H"]
[Result "1-0"]
[WhiteElo "2571"]
[BlackElo "2307"]

1.Nf3 Nf6 2.c4 g6 3.d4 Bg7 4.Nc3 O-O 5.e4 d6 6.Be2 e5 7.Be3 Ng4 8.Bg5 f6
9.Bh4 g5 10.Bg3 Nh6 11.O-O Kh8 12.dxe5 dxe5 13.Qxd8 Rxd8 14.Rfd1 Nf7 15.h4 Rxd1+
16.Rxd1 Be6 17.hxg5 fxg5 18.Nxg5 Nxg5 19.Rd8+ Bg8 20.c5 Bf6 21.Nd5 Ne6 22.Rc8  1-0

[Event "TCh-SLO"]
[Site "Bled SLO"]
[Date "2001.10.19"]
[Round "2"]
[White "Jelen,Ig"]
[Black "Mazi,L"]
[Result "0-1"]
[WhiteElo "2398"]
[BlackElo "2373"]

1.d4 Nf6 2.c4 g6 3.Nc3 Bg7 4.e4 d6 5.Nf3 O-O 6.Be2 Nbd7 7.O-O e5 8.Be3 h6
9.dxe5 dxe5 10.Qc1 h5 11.h3 c6 12.c5 Ne8 13.b4 Nc7 14.Qc2 Ne6 15.Rad1 Re8
16.Na4 Qf6 17.g3 Bf8 18.Kg2 Be7 19.Nb2 a5 20.a3 axb4 21.axb4 Nc7 22.Bg5 Qg7
23.Bd2 Nb5 24.Bxb5 cxb5 25.Bc3 Qf6 26.Qe2 Ra3 27.Rd3 Qe6 28.h4 f6 29.Re3 Qa6
30.Bd2 Ra2 31.Nd1 Bf8 32.Nc3 Rb2 33.Qxb5 Qe6 34.Nd1 Rb1 35.Qd3 Ra1 36.Qb3 Nb8
37.Rfe1 Rd8 38.Nb2 Qxb3 39.Rxb3 Ra2 40.Rd3 Bd7 41.Nc4 Bh3+ 42.Kxh3 Rxd3 43.Kg2 Nc6
44.Re3 Rd8 45.Be1 Rd1 46.Ra3 Rxa3 47.Nxa3 f5 48.Bc3 Rd3 49.Nb5 fxe4 50.Ne1 Rd1
51.Nc7 Nd4  0-1

[Event "Essent Open"]
[Site "Hoogeveen NED"]
[Date "2001.10.19"]
[Round "8"]
[White "Hernandez,Gu VEN"]
[Black "Van Kooten,L"]
[Result "1/2-1/2"]
[WhiteElo "2265"]
[BlackElo "2252"]

1.d4 Nf6 2.c4 g6 3.Nc3 Bg7 4.Nf3 d6 5.e4 O-O 6.Be2 e5 7.d5 a5 8.Nd2 Na6 9.h4 Nc5
10.h5 c6 11.g4 Qb6 12.f3 Ne8 13.Nf1 f5 14.hxg6 hxg6 15.gxf5 gxf5 16.Ng3 fxe4
17.Ngxe4 Nxe4 18.Nxe4 Bf5 19.Qb3 Qxb3  1/2-1/2